Il Greco

Spremljeno u:
Bibliografski detalji
Glavni autor: Pallucchini, Rodolfo (autore)
Format: Knjiga
Jezik:talijanski
Izdano: Milán Aldo Martello 1956
Teme:
Oznake: Dodaj oznaku
Bez oznaka, Budi prvi tko označuje ovaj zapis!

MARC

LEADER 00000nam a2200000 a 4500
001 UCY9152
003 CL-VaPUC
008 950713e19560000IT |||||||||||||||||ita|d
082 0 4 |a 759.03  |b PAL  |2 21 
100 |a Pallucchini, Rodolfo  |e autore  |9 474008 
245 1 3 |a Il Greco 
300 |a 58 p 
942 |c BK 
945 |d 19950713 00:00:00  |a rbrito 
260 |a Milán  |b Aldo Martello  |c 1956 
600 0 |a El Greco   |9 341177 
600 0 7 |a THEOTOCOPULI, DOMENICO  |2 CL-VaPUC  |9 341178 
650 0 |a Pintura española   |9 315217 
650 0 |a Pintores españoles  |9 315216 
650 0 |a Historia  |9 255047 
583 |a last modification  |c 19950713 00:00:00  |k Rodrigo Vera 
999 |c 236282  |d 236280 
952 |0 0  |1 0  |4 0  |6 759_030000000000000_PAL_1956  |7 0  |8 X  |9 244309  |a BIBHIS  |b BIBHIS  |d 2019-11-18  |i 3097099  |o 759.03 PAL 1956  |p 3097099  |r 2024-01-30  |w 2019-11-18  |y BK_X  |k HIS